00771nam a2200145 a 4500041000800000110007200008245010100080260007300181300001100254710006900265710008700334710006200421710006100483710008100544 aspa aColombiabMinisterio de Ambiente, Vivienda y Desarrollo Territorial aInforme anual sobre el estado del medio ambiente y los recursos naturales renovables en Colombia aBogotábIDEAMbIAvHbSINCHIbINVEMARbIIAPbIGACbIngeominasc2004 a256 p. a^aInstituto de Hidrología, Meteorogía y Estudios Ambientales a^aInstituto de Investigaciones Marinas y Costeras José Benito Vives de Andréis a^aInstituto de Investigaciones Ambientales del Pacífico a^aInstituto Amazónico de Investigaciones Científicas a^aUnidad Administrativa Especial del Sistema de Parques Nacionales Naturales